| 000 | 01364nam a2200349 a 4500 | ||
|---|---|---|---|
| 001 | 000113329 | ||
| 003 | CHAP | ||
| 005 | 20220329144349.0 | ||
| 008 | 170607s2015 mx a fsm |||||||spa d | ||
| 010 | _a109790 | ||
| 011 | _a110762 | ||
| 040 | _cCHAP | ||
| 090 | _aTesis | ||
| 100 | 1 |
_aGarcía Dorantes, Juan Francisco _9132505 |
|
| 245 | 1 | 0 |
_aEstrategias de desarrollo rural y sus protagonistas en Huehuetla, Puebla / _h[En línea] _cpor Juan Francisco García Dorantes. |
| 260 |
_aChapingo, Méx. : _bEl autor, _c2015. |
||
| 500 | _aPara ver el contenido del material haga clic en la liga | ||
| 502 | _aTesis (Lic. en Economía Agrícola) -- UACh. División de Ciencias Económico Administrativas | ||
| 590 |
_aBATCH-UPD _b05 _c20170607 _lUCH01 _h1428 |
||
| 590 |
_aE11695DGD _b10 _c20170611 _lUCH01 _h1438 |
||
| 590 |
_aE11695DGD _b10 _c20170611 _lUCH01 _h1439 |
||
| 590 |
_aE8697GMM _b05 _c20170607 _lUCH01 _h1408 |
||
| 590 |
_aE8697GMM _b05 _c20170607 _lUCH01 _h1427 |
||
| 650 | 1 | 4 |
_aDesarrollo rural _xAspectos políticos _zMéxico. _9128294 |
| 650 | 1 | 4 |
_aDesarrollo rural _xAspectos sociales _zMéxico. _9129162 |
| 650 | 1 | 4 |
_aDesarrollo rural _zPuebla. _932075 |
| 650 | 1 | 4 |
_aProgramas de desarrollo _xEvaluación _zPuebla. _9132506 |
| 856 |
_aFinding aid _uhttp://10.13.5.2/tesis/sist113329.pdf _zTeclea aquí |
||
| 901 | _aBK | ||
| 942 | _cTESIS | ||
| 942 | _n0 | ||
| 999 |
_c109790 _d109790 |
||